| 000 | 00729nam a22001935i 4500 | ||
|---|---|---|---|
| 001 | 161148 | ||
| 003 | ES-MaACL | ||
| 005 | 20250718063334.0 | ||
| 008 | 990408s1877 sp |||| | spa d | ||
| 040 |
_aCCPB | B _bspa _cCCPB | B |
||
| 100 | 1 |
_aOssorio y Bernard, Manuel, _d1839-1904 _9137729 |
|
| 245 | 1 | 0 |
_aRomancero de Ntra. Sra. de Atocha / _cpor Manuel Ossorio y Bernard ; precedido de un prólogo, escrito por José Jimenez y Benitez. |
| 250 | _a3ª ed. | ||
| 260 |
_aCórdoba : _b[s.n.], _c1877 ( _fImprenta La Actividad) |
||
| 300 |
_a102 p. ; _c15 cm. |
||
| 700 | 1 |
_aJiménez y Benítez, José. _9128319 |
|
| 852 |
_aES-MaACL _jFol-Laf-520 _z-- Rust. _z-- Legado M. de la Fuente |
||
| 999 |
_c161148 _d161148 |
||